Bundesliga Top 50 Elfmeterschützen - Statistiken

Allgemein
  • Dieses Quiz wurde 125 mal gespielt
  • Das Durchschnittsergebnis liegt bei 17 aus 50
Antwortstatistiken
Platz Nation Verein von-bis Spieler Tore % Korrekt
Polen Borussia DortmundBayern München 2010-2022 Robert Lewandowski 40
97%
2 Deutschland Bayern München 1964-1979 Gerd Müller 51
92%
6 Kroatien 1899 Hoffenheim 2016- AndrejKramaric 32
80%
Italien SC Freiburg1899 Hoffenheim 2012- Vincenzo Grifo 26
77%
Deutschland Bor. MönchengladbachBayern München 1979-19881992-2000 Lothar Matthäus 30
69%
16 Deutschland Werder BremenBor. Mönchengladbach FC St. Pauli SC Freiburg VfL Wolfsburg Union Berlin 2007-2019, 2020-2022 Max Kruse 24
68%
Bosnien Hertha BSCVfB Stuttgart Alemannia Aachen 1899 Hoffenheim 2006-2020 Vedad Ibisevic 18
68%
41 Schweden RB Leipzig 2015-2023 Emil Forsberg 15
58%
32 Brasilien Werder BremenFC Schalke 04 HSV MSV Duisburg 1998-20052006-2008 Ailton 17
55%
3 Deutschland Borussia Dortmund 1981-1998 Michael Zorc 49
55%
Bosnien HSV1899 Hoffenheim 2006-20152017-2018 Sejad Salihovic 29
55%
14 Deutschland HSVBayer Leverkusen Bayern München 1997-20072008-2012 Hans-Jörg Butt 26
54%
21 Bulgarien VfB Stuttgart 1995-2003 Krasimir Balakov 19
54%
7 Deutschland Eintracht BraunschweigBayern München 1970--19741977-1983 Paul Breitner 31
54%
Niederlande HSV 2005-20082012-2015 Rafael van der Vaart 15
53%
Deutschland Bor. MönchengladbachBayern München VfL Wolfsburg 1990-19921994-2003 Stefan Effenberg 18
51%
12 Deutschland Bor. Mönchengladbach 1967-1973 Günter Netzer 29
49%
Österreich 1. FC KölnBor. Mönchengladbach 1993-2000 Toni Polster 19
47%
1 Deutschland HSV 1971-1989 Manfred Kaltz 53
45%
Brasilien Hertha BSCVfL Wolfsburg 2001-20062007-2008 Marcelinho 15
45%
Deutschland Werder BremenBorussia Dortmund Hannover 96 2016-2024 Niclas Füllkrug 14
36%
Österreich Werder BremenBayern München 1992-2001 Andreas Herzog 14
34%
10 Deutschland 1.FC KaiserslauternArminia Bielefeld VfL Bochum Bayer Uerdingen 05 1983-19951996-1999 Stefan Kuntz 30
34%
25 Deutschland 1. FC KaiserslauternBayern München 1981-19881993-1998 Andreas Brehme 18
26%
DeutschlandItalien FC Schalke 04SC Freiburg VfL Wolfsburg FC Augsburg 2009-2023 Daniel Caliguri 19
26%
Deutschland VfB StuttgartWaldhof Mannheim 1981-1994 Fritz Walter 17
25%
Deutschland 1860 MünchenKSC Borussia Dortmund 1. FC Köln 1984-19901994-2003 Thomas Hässler 16
25%
Deutschland Werder BremenBayer Leverkusen 1974-19811982-1986 Jürgen Röber 17
23%
Deutschland 1. FC KaiserslauternBayer Uerdingen 05 1973-1990 Friedhelm Funkel 18
21%
48 Argentinien Werder BremenHamburger SV SC Freiburg 1993-2004 Rodolfo Cardoso 14
20%
Deutschland Eintracht Frankfurt 1965-1980 Jürgen Grabowski 15
18%
4 Deutschland Werder Bremen 1960-1978 Horst-Dieter Höttges 40
14%
Deutschland Hertha BSC1. FC Köln Bor. Mönchengladbach 1970-19781980-1983 Rainer Bonhof 20
14%
Niederlande VfL Wolfsburg FC Augsburg 2010-2019 Paul Verhaegh 18
13%
Deutschland Werder BremenKickers Offenbach 1983-1990 Michael Kutzop 17
12%
18 Deutschland FC Schalke 04Borussia Dortmund 1984-1999 Ingo Anderbrügge 20
11%
Deutschland HSV1.FC Nürnberg VfB Stuttgart 1965-19691971-1981 Georg Volkert 31
9%
Deutschland Werder Bremen 1963-1972 Arnold Schütz 19
8%
Deutschland Fortuna DüsseldorfVfL Bochum Bayer Leverkusen 1981-1992 Christian Schreier 20
7%
37 Deutschland FC Schalke 04Fortuna Düsseldorf VfL Bochum 1971-1984 Hans Joachim Abel 16
7%
17 Deutschland 1. FC SaarbrückenEintracht Frankfurt Rot Weiss Essen 1973-1983 Werner Lorant 22
7%
Deutschland FC Schalke 04Bor. Mönchengladbach 1975-1988 Wilfried Hannes 31
7%
Deutschland MSV Duisburg 1967-1975 Bernd Lehmann 18
5%
Deutschland Borussia Dortmund1. FC Kaiserslautern 1970-1987 Lothar Huber 18
5%
Deutschland MSV Duisburg 1963-1967 Ludwig Nolden 15
5%
Deutschland Borussia Dortmund1. FC Kaiserslautern Kickers Offenbach 1970-1978 Manfred Ritschel 17
5%
Deutschland Werder BremenHSV 1. FC Köln 1983-1996 Frank Ordenewitz 15
4%
Deutschland Eintracht Braunschweig 1964-1971 Lothar Ulsass 16
4%
Deutschland Werder Bremen 1977-1985 Uwe Reinders 16
4%
Deutschland Borussia DortmundVfL Bochum Bayer Leverkusen 1984-1998 Martin Kree 15
3%
Keine übereinstimmenden Quizze gefunden
Verteilung der Resultate
Anzahl Personen mit jedem Resultat
Perzentil nach korrekt beantworteten Fragen
Ihre Resultats-Entwicklung
Sie haben dieses Quiz noch nicht gespielt